Employment outlook in the social sciences; (Record no. 36854)

MARC details
000 -LEADER
fixed length control field 01043cam a22002531 4500
001 - CONTROL NUMBER
control field l 54000143
003 - CONTROL NUMBER IDENTIFIER
control field DLC
005 - DATE AND TIME OF LATEST TRANSACTION
control field 20260227111544.0
008 - FIXED-LENGTH DATA ELEMENTS--GENERAL INFORMATION
fixed length control field 850610s1954 dcua f000 0 eng c
010 ## - LIBRARY OF CONGRESS CONTROL NUMBER
LC control number l 54000143
035 ## - SYSTEM CONTROL NUMBER
System control number (OCoLC)12138591
040 ## - CATALOGING SOURCE
Original cataloging agency U.S. Dept. f Labor
Transcribing agency AU
Modifying agency AU
-- OCoLC
-- DLC
042 ## - AUTHENTICATION CODE
Authentication code premarc
050 00 - LIBRARY OF CONGRESS CALL NUMBER
Classification number HD8051
Item number .A62 no. 1167
082 ## - DEWEY DECIMAL CLASSIFICATION NUMBER
Classification number 306.9
100 1# - MAIN ENTRY--PERSONAL NAME
Personal name Wiener, Rose Kleinberg.
245 10 - TITLE STATEMENT
Title Employment outlook in the social sciences;
Remainder of title economics, political science, history, sociology, statistics, anthropology, fields of employment, educational requirements, employment outlook, earnings.
Statement of responsibility, etc. [Prepared] in cooperation with Veterans Administration.
260 ## - PUBLICATION, DISTRIBUTION, ETC.
Place of publication, distribution, etc. Washington,
Name of publisher, distributor, etc. U.S. Govt. Print. Off.
Date of publication, distribution, etc. [1954]
300 ## - PHYSICAL DESCRIPTION
Extent v, 66 p.
Other physical details illus.
Dimensions 26 cm.
410 10 - SERIES STATEMENT/ADDED ENTRY--CORPORATE NAME [OBSOLETE, CAN/MARC], [LOCAL, USA]
Corporate name or jurisdiction name as entry element United States.
Subordinate unit Bureau of Labor Statistics.
Title of a work Bulletin
Volume number/sequential designation no. 1167.
410 10 - SERIES STATEMENT/ADDED ENTRY--CORPORATE NAME [OBSOLETE, CAN/MARC], [LOCAL, USA]
Corporate name or jurisdiction name as entry element United States.
Subordinate unit Bureau of Labor Statistics.
Title of a work Occupational outlook series
650 #0 - SUBJECT ADDED ENTRY--TOPICAL TERM
Topical term or geographic name entry element Social sciences
General subdivision Vocational guidance.
650 #0 - SUBJECT ADDED ENTRY--TOPICAL TERM
Topical term or geographic name entry element Occupations.

No items available.

Powered by Koha